00641 2200229 4500001002100000005001500021035002000036008004100056245009600097100002700193250001000220260003700230300002800267020002200295084002000317082001400337650002000351990001000371990001000381990001000391990001000401INLIS00000000001204220260424110332 a0010-0426000013260424 g 1 ind 1 aBukan sekedar cinta :btentang hidup yang dijalani dengan tangguh /cFina Phillipe, Aweview aFina Phillipe, Aweview aCet.1 aYogyakarta :bMojok Group,c2020 avi, 134 hlm ;c13x19 cm a978-623-7284-27-7 a899.221 3 FIN b a899.221 3 4aFiksi Indonesia a58243 a58244 a58245 a58246